00458nam a22001577a 4500020001800000082001400018100003000032245002600062250000900088260002500097300001700122650001300139942000700152952012400159999001700283 a81-7304-072-9 a294.5 SON aSONTHEIMER, Gunther-Dietz aHinduism Reconsidered a2005 aDelhibManoharc2005 a359bindices aHinduism cBK 00104070aHMIbHMIcGENd2016-02-17eFlipkartg395.00l1m1o294.5 SONp25018r2017-11-23s2017-09-18w2026-01-16yBK c19960d19960